000 00971na a2200301 4500
001 17052
003 MIRAKIL
005 20181213154923.0
008 161021b tu 000 0
020 _a9751925932
035 _a17052
040 _aMilas
_btur
_cTR-AnCHP
041 _atur
082 _a341.242
_bD67t 2000
090 _a341.242 D67t 2000
110 _aDevlet Planlama Teşkilatı (DPT)
245 _aTürkiye-Avrupa Birliği ilişkileri
_bÖzel ihtisas komisyonu raporu
_cDevlet Planlama Teşkilatı
246 _aÖzel ihtisas komisyonu raporu
260 _aAnkara
_bDPT
_c2000
300 _a224 s.
_btbl.
_c28 sm.
440 _aDPT
_v2545
490 _aSekizinci Beş Yıllık Kalkınma Planı
_aÖİK: 561
650 _aAvrupa Birliği
_zTürkiye
650 _aUluslararası ilişkiler
_xKalkınma planları
_yAvrupa Birliği
651 _aTürkiye
_xKalkınma planları
657 _aÖzel İhtisas Komisyonu Raporları
942 _2ddc
_cBKS
999 _c3179
_d3179